Disc-headed bronze pins from Luristan: a symbol of Ancient Iran's art
| Main Author: | |
|---|---|
| Format: | Print Book |
| Language: | English |
| Subito Delivery Service: | Order now. |
| Check availability: | HBZ Gateway |
| WorldCat: | WorldCat |
| Interlibrary Loan: | Interlibrary Loan for the Fachinformationsdienste (Specialized Information Services in Germany) |
| Published: |
[Tübingen]
Legat-Publ.
2008
|
| In: | Year: 2008 |
| Edition: | [1. Aufl.] |
| Standardized Subjects / Keyword chains: | B
Mūza-i Millī-i Īrān
/ Lorestan
/ Fibula
B Lorestan / Bronze art / History |
| Further subjects: | B
Mūzih-i Īrān-i Bāstān Catalogs
|
| Online Access: |
Inhaltstext (Publisher) Table of Contents |
MARC
| LEADER | 00000cam a2200000 c 4500 | ||
|---|---|---|---|
| 001 | 583242693 | ||
| 003 | DE-627 | ||
| 005 | 20251223220112.0 | ||
| 007 | tu | ||
| 008 | 081022s2008 gw ||||| 00| ||eng c | ||
| 010 | |a 2008474812 | ||
| 015 | |a 08,N44,0998 |2 dnb | ||
| 015 | |a 99,080,8912 |2 dnb | ||
| 016 | 7 | |a 990808912 |2 DE-101 | |
| 020 | |a 9783932942273 |c Gb. : EUR 99.50 |9 978-3-932942-27-3 | ||
| 024 | 3 | |a 9783932942273 | |
| 035 | |a (DE-627)583242693 | ||
| 035 | |a (DE-576)288385020 | ||
| 035 | |a (DE-599)DNB990808912 | ||
| 035 | |a (OCoLC)216662460 | ||
| 035 | |a (OCoLC)216662460 | ||
| 040 | |a DE-627 |b ger |c DE-627 |e rakwb | ||
| 041 | |a eng | ||
| 044 | |c XA-DE-BW | ||
| 050 | 0 | |a NK7974.A3 | |
| 082 | 0 | |a 730 |q BSZ | |
| 082 | 0 | |a 939 | |
| 082 | 0 | |a 739.512 | |
| 082 | 0 | 4 | |a 730 |q DNB |
| 084 | |a 6,23 |2 ssgn | ||
| 084 | |a 6,22 |2 ssgn | ||
| 084 | |a NG 6010 |2 rvk |0 (DE-625)rvk/125438:13123 | ||
| 084 | |a NG 6080 |2 rvk |0 (DE-625)rvk/125438:13127 | ||
| 084 | |a 15.16 |2 bkl | ||
| 100 | 1 | |0 (DE-588)136712835 |0 (DE-627)585858918 |0 (DE-576)301234396 |4 aut |a Ayāzī, Sūrī | |
| 109 | |a Ayāzī, Sūrī |a Ayazi, Souri | ||
| 245 | 1 | 0 | |a Disc-headed bronze pins from Luristan |b a symbol of Ancient Iran's art |c by Souri Ayazi |
| 250 | |a [1. Aufl.] | ||
| 263 | |a Erscheint: Oktober 2008 | ||
| 264 | 1 | |a [Tübingen] |b Legat-Publ. |c 2008 | |
| 300 | |a 215 S. |b zahlr. Ill. |c 27 cm | ||
| 336 | |a Text |b txt |2 rdacontent | ||
| 337 | |a ohne Hilfsmittel zu benutzen |b n |2 rdamedia | ||
| 338 | |a Band |b nc |2 rdacarrier | ||
| 583 | 1 | |a Archivierung prüfen |c 20200919 |f DE-640 |z 2 |2 pdager | |
| 583 | 1 | |a Archivierung/Langzeitarchivierung gewährleistet |f PEBW |x XA-DE-BW |2 pdager |5 DE-24 | |
| 583 | 1 | |a Archivierung/Langzeitarchivierung gewährleistet |f SSG |x XA-DE-BW |2 pdager |5 DE-21 | |
| 610 | 1 | 0 | |a Mūzih-i Īrān-i Bāstān |v Catalogs |
| 689 | 0 | 0 | |d b |0 (DE-588)1246968-3 |0 (DE-627)347539971 |0 (DE-576)199140480 |2 gnd |a Mūza-i Millī-i Īrān |
| 689 | 0 | 1 | |d g |0 (DE-588)4036695-9 |0 (DE-627)106241346 |0 (DE-576)209019824 |2 gnd |a Lorestan |
| 689 | 0 | 2 | |d s |0 (DE-588)7679911-6 |0 (DE-627)612730077 |0 (DE-576)312965079 |2 gnd |a Scheibenkopfnadel |
| 689 | 0 | |5 DE-101 | |
| 689 | 1 | 0 | |d g |0 (DE-588)4036695-9 |0 (DE-627)106241346 |0 (DE-576)209019824 |2 gnd |a Lorestan |
| 689 | 1 | 1 | |d s |0 (DE-588)4069678-9 |0 (DE-627)104400633 |0 (DE-576)209177535 |2 gnd |a Bronzekunst |
| 689 | 1 | 2 | |q z |2 gnd |a Geschichte |
| 689 | 1 | |5 (DE-627) | |
| 856 | 4 | 2 | |u http://deposit.dnb.de/cgi-bin/dokserv?id=3165495&prov=M&dok_var=1&dok_ext=htm |q text/html |x Verlag |3 Inhaltstext |7 1 |
| 856 | 4 | 2 | |u http://d-nb.info/990808912/04 |m B:DE-101 |q application/pdf |v 20130501 |x Verlag |3 Inhaltsverzeichnis |7 1 |
| 935 | |a mteo | ||
| 935 | |i Blocktest | ||
| 936 | r | v | |a NG 6010 |b Kunst und Architektur |k Geschichte |k Alte Geschichte |k Geschichte und Kultur des alten Orients und der Mittelmeervölker (ohne Griechen und Römer) |k Einzelne Reiche und Völker |k Iran (Perserreich) |k Kunst und Architektur |0 (DE-627)139388427X |0 (DE-625)rvk/125438:13123 |0 (DE-576)32388427X |
| 936 | r | v | |a NG 6080 |b Einzelne Landschaften und Städte |k Geschichte |k Alte Geschichte |k Geschichte und Kultur des alten Orients und der Mittelmeervölker (ohne Griechen und Römer) |k Einzelne Reiche und Völker |k Iran (Perserreich) |k Einzelne Landschaften und Städte |0 (DE-627)1393884466 |0 (DE-625)rvk/125438:13127 |0 (DE-576)323884466 |
| 936 | b | k | |a 15.16 |j Altorientalische Archäologie |j christliche Archäologie |0 (DE-627)106419765 |
| 951 | |a BO | ||
| BIB | |a 1 | ||
| ELC | |b 1 | ||
| ITA | |a 1 |t 1 | ||
| LOK | |0 000 xxxxxcx a22 zn 4500 | ||
| LOK | |0 001 3201633275 | ||
| LOK | |0 003 DE-627 | ||
| LOK | |0 004 583242693 | ||
| LOK | |0 005 20110217085209 | ||
| LOK | |0 008 110208||||||||||||||||ger||||||| | ||
| LOK | |0 040 |a DE-21 |c DE-627 |d DE-21 | ||
| LOK | |0 852 |a DE-21 | ||
| LOK | |0 852 1 |c 51 B 176 |9 00 | ||
| LOK | |0 935 |a theo |a vord | ||
| LOK | |0 936ln |a t16.9 | ||
| LOK | |0 938 |a 1102 |f 13 | ||
| LOK | |0 939 |a 08-02-11 |b l01 | ||
| ORI | |a SA-MARC-ixtheoa001.raw | ||
| REL | |a 1 | ||
| STA | 0 | 0 | |a Bronze art,Fibula,History,History,History in art |
| STB | 0 | 0 | |a Art du bronze,Histoire,Histoire,Histoire,Épingle à disque |
| STC | 0 | 0 | |a Alfiler de cabeza en disco,Artefactos de bronce,Historia,Historia,Historia |
| STD | 0 | 0 | |a Arte del bronzo,Spilla a disco,Storia,Storia |
| STE | 0 | 0 | |a 历史,史 |
| STF | 0 | 0 | |a 歷史,史 |
| STG | 0 | 0 | |a Alfinete de cabeça em disco,Artefatos de bronze,História,História |
| STH | 0 | 0 | |a Бронзовое искусство,История (мотив),История,Шпилька с круглым наконечником |
| STI | 0 | 0 | |a Ιστορία (μοτίβο),Ιστορία,Καρφίτσα δίσκου,Τέχνη του χαλκού |
| SUB | |a BIB |a REL | ||
| SYG | 0 | 0 | |a Mūze-ye Mellī-ye Irān,Mūzih-i Millī-i Īrān,National Museum of Iran,Iran National Museum,National Museum Tehran,Nationalmuseum Teheran,Museo nazionale di Tehran,Musée national de Téhéran,Iranisches Nationalmuseum,Nationalmuseum Irans,Museum of Iran,Museum of Tehran,Museo di Tehran , Provinz Lorestan,Luristan,Ustān-i Luristān,Luristān , Provinz Lorestan,Luristan,Ustān-i Luristān,Luristān , Bronze,Bronzen , History,Geschichtliche Epoche,Historical development,Historische Entwicklung,Landesgeschichte,Regionalgeschichte,Ortsgeschichte,Zeitgeschichte |